A comparative study of the Indian Constitution. (Record no. 75550)
[ view plain ]
| 000 -LEADER | |
|---|---|
| fixed length control field | 00786cam a22002531 4500 |
| 001 - CONTROL NUMBER | |
| control field | sa 67005927 |
| 003 - CONTROL NUMBER IDENTIFIER | |
| control field | DLC |
| 005 - DATE AND TIME OF LATEST TRANSACTION | |
| control field | 20260227112402.0 |
| 008 - FIXED-LENGTH DATA ELEMENTS--GENERAL INFORMATION | |
| fixed length control field | 770921m19601966ii b 000 0 eng |
| 010 ## - LIBRARY OF CONGRESS CONTROL NUMBER | |
| LC control number | sa 67005927 |
| 015 ## - NATIONAL BIBLIOGRAPHY NUMBER | |
| National bibliography number | GB69-28516 |
| 035 ## - SYSTEM CONTROL NUMBER | |
| System control number | (OCoLC)3283781 |
| 040 ## - CATALOGING SOURCE | |
| Original cataloging agency | DLC |
| Transcribing agency | TNJ |
| Modifying agency | Uk |
| -- | OCoLC |
| -- | DLC |
| 042 ## - AUTHENTICATION CODE | |
| Authentication code | premarc |
| 050 00 - LIBRARY OF CONGRESS CALL NUMBER | |
| Classification number | KNS1750 |
| Item number | .S45 1960 |
| 100 1# - MAIN ENTRY--PERSONAL NAME | |
| Personal name | Sen, D. K. |
| Fuller form of name | (Dhirendra Kumar) |
| 245 12 - TITLE STATEMENT | |
| Title | A comparative study of the Indian Constitution. |
| 260 ## - PUBLICATION, DISTRIBUTION, ETC. | |
| Place of publication, distribution, etc. | Bombay, |
| Name of publisher, distributor, etc. | Orient Longmans |
| Date of publication, distribution, etc. | [1960-66] |
| 300 ## - PHYSICAL DESCRIPTION | |
| Extent | 2 v. |
| Dimensions | 25 cm. |
| 504 ## - BIBLIOGRAPHY, ETC. NOTE | |
| Bibliography, etc. note | Includes bibliographies. |
| 505 0# - FORMATTED CONTENTS NOTE | |
| Formatted contents note | v. 1. General principles of organization.--v. 2. Citizenship & franchise--Fundamental rights. |
| 650 #0 - SUBJECT ADDED ENTRY--TOPICAL TERM | |
| Topical term or geographic name entry element | Constitutional law |
| Geographic subdivision | India. |
| 650 #0 - SUBJECT ADDED ENTRY--TOPICAL TERM | |
| Topical term or geographic name entry element | Constitutional law. |
No items available.